Land and people of the andamans (Record no. 437142)

000 -LEADER
fixed length control field 00322cam a22001097a 4500
008 - FIXED-LENGTH DATA ELEMENTS--GENERAL INFORMATION
fixed length control field 180718bxv,197p. xxu||||| |||| 00| 0 eng d
082 ## - DEWEY DECIMAL CLASSIFICATION NUMBER
Classification number T19x5488 Se55
100 ## - MAIN ENTRY--PERSONAL NAME
Personal name Sen, Probhat Kumar
245 ## - TITLE STATEMENT
Title Land and people of the andamans
Statement of responsibility, etc. by Probhat Kumar Sen
260 ## - PUBLICATION, DISTRIBUTION, ETC.
Place of publication, distribution, etc. Calcutta
Name of publisher, distributor, etc. 1962
Date of publication, distribution, etc. xv,197p.
650 ## - SUBJECT ADDED ENTRY--TOPICAL TERM
Topical term or geographic name entry element Land- WestBengal
Holdings
Withdrawn status Lost status Damaged status Not for loan Permanent Location Current Location Date acquired Full call number Barcode Date last seen Price effective from Koha item type
        Indian Institute of Public Administration Indian Institute of Public Administration 2010-03-17 T19x5488 Se55 30360 2018-07-21 2018-07-21 Book

Powered by Koha